000
00267nam a2200121Ia 4500
008
190216s9999||||xx |||||||||||||| ||und||
100
_a
Ahlawat
245
0
_a
International Finance
260
_b
Kalyani Pub
_c
2001
300
_a
237p
650
_a
Commerce
942
_c
BK
999
_c
7311
_d
7311